[Event "Wch U12 Girls"]
[Site "Belfort"]
[Date "2005.07.23"]
[Round "5"]
[White "Sirisha, Gutta"]
[Black "Neuhauser, Salome"]
[Result "1/2-1/2"]
[WhiteElo "2092"]
[BlackElo "1599"]
[PlyCount "132"]
[EventDate "2005.07.19"]
[EventType "swiss"]
[EventRounds "11"]
[EventCountry "FRA"]
[SourceTitle "CBM 107 Extra"]
[Source "ChessBase"]
[SourceDate "2005.09.01"]
[SourceVersion "1"]
[SourceVersionDate "2005.09.01"]
[SourceQuality "1"]

1. d4 Nf6 2. c4 c5 3. d5 b5 4. cxb5 a6 5. bxa6 Bxa6 6. Nc3 d6 7. Nf3 g6 8. e4 Bxf1 9. Kxf1 Bg7 10. g3 0-0 11. Kg2 Nbd7 12. Re1 Ng4 13. h3 Nge5 14. Nd2 Nd3 15. Re3 Nxc1 16. Qxc1 Ra6 17. Nb5 Qb6 18. Rb3 Qb8 19. Nc4 Nb6 20. Nxb6 Rxb6 21. a4 Qb7 22. Qc4 Rb8 23. Rb1 Ra8 24. Ra3 Qa6 25. Qa2 Qa5 26. Qc4 Qb4 27. Qxb4 cxb4 28. Rb3 Rxa4 29. Nc3 Raa6 30. Nd1 Bd4 31. Rc1 Bc5 32. Ne3 Ra4 33. Rc4 Ra1 34. Kf3 Kg7 35. Ke2 Rh1 36. h4 Rh2 37. Rc1 h5 38. Ra1 f6 39. Ra7 Kf7 40. Rd3 f5 41. exf5 gxf5 42. Nd1 Rb8 43. Rf3 Bxa7 44. Rxf5+ Kg6 45. Rg5+ Kh6 46. Kf1 Rh1+ 47. Ke2 Rc8 48. Kd2 b3 49. Nc3 Bxf2 50. Ke2 Bd4 51. Ne4 Rc2+ 52. Kf3 Rf1+ 53. Nf2 Rfxf2+ 54. Ke4 Bf6 55. Rg8 Rxb2 56. Kd3 Rbc2 57. g4 Rc3+ 58. Ke4 Re2+ 59. Kf4 Bxh4 60. gxh5 Rc4+ 61. Kf5 Rf2+ 62. Ke6 Rc7 63. Rg6+ Kxh5 64. Rg5+ Kh6 65. Rg6+ Kh7 66. Rg7+ Kxg7 1/2-1/2

[Event "Wch U12 Girls"]
[Site "Belfort"]
[Date "2005.07.19"]
[Round "1"]
[White "Hakimifard, Ghazal"]
[Black "Sirisha, Gutta"]
[Result "1-0"]
[WhiteElo "1599"]
[BlackElo "2092"]
[PlyCount "75"]
[EventDate "2005.07.19"]
[EventType "swiss"]
[EventRounds "11"]
[EventCountry "FRA"]
[SourceTitle "CBM 107 Extra"]
[Source "ChessBase"]
[SourceDate "2005.09.01"]
[SourceVersion "1"]
[SourceVersionDate "2005.09.01"]
[SourceQuality "1"]

1. e4 c6 2. d4 d5 3. e5 Bf5 4. g4 Bg6 5. h4 h5 6. e6 f6 7. Bd3 Be4 8. f3 f5 9. fxe4 fxe4 10. Be2 Qd6 11. g5 g6 12. Nh3 Qg3+ 13. Kf1 e3 14. Qd3 Nh6 15. Qxg6+ Kd8 16. Bxh5 Ng4 17. Bxg4 Bh6 18. Rg1 Rf8+ 19. Ke2 Rf2+ 20. Kd1 Rg2 21. Rxg2 Qxg2 22. Bxe3 Qxg4+ 23. Kd2 Qxh3 24. Qxh6 Qg2+ 25. Kc3 Qf1 26. g6 b5 27. Nd2 b4+ 28. Kb3 Qb5 29. g7 a5 30. g8Q+ Kc7 31. a4 bxa3+ 32. Kxa3 Qb4+ 33. Ka2 Ra7 34. Qf4+ Kb6 35. Qfxb8+ Rb7 36. Qgd8+ Ka6 37. Qa8+ Ra7 38. Qxc6+ 1-0